Advances in formal Slavic linguistics 2017
| Titel: | Advances in formal Slavic linguistics 2017 / edited by Franc Marušič, Petra Mišmaš, Rok Žaucer |
|---|---|
| Beteiligt: | ; ; |
| Körperschaft: | |
| Veröffentlicht: | Berlin : Language Science Press, [2020] |
| Umfang: | 1 Online-Ressource |
| Format: | E-Book |
| Sprache: | Englisch |
| Schriftenreihe/ mehrbändiges Werk: |
Open slavic linguistics ; 3 |
| RVK-Notation: |
·
·
|
| ISBN: | 9783961102532 ; 9783961102549 |
alg: 49069098 001A $00030:04-02-22 001B $06055:14-03-26 $t21:56:14.000 001D $00030:04-02-22 001U $0utf8 001X $00 002@ $0Oau 002C $aText $btxt $2rdacontent 002D $aComputermedien $bc $2rdamedia 002E $aOnline-Ressource $bcr $2rdacarrier 003@ $049069098X 003O $01190668861 $aOCoLC 004A $A978-3-96110-253-2 004O $A978-3-96110-254-9 $Sp 004P $010.5281/zenodo.3763740 007A $049069098X $aHEB 009Q $S0 $uhttps://langsci-press.org/catalog/book/260 $xH 010@ $aeng 010E $erda 011@ $a2020 $n[2020] 011F $n© 2020 013D $RWissenschaftliche Literatur $RAufsatzsammlung $#Konferenzbericht $71071861417 $8Konferenzschrift [Tsz] $9359646190 $y2017 $zNova Gorica 021A $aAdvances in formal Slavic linguistics 2017 $hedited by Franc Marušič, Petra Mišmaš, Rok Žaucer 028C $BHerausgeber $#Marušič, Franc Lanko $4edt $7139821376 $8Marušič, Franc$Z1974- [Tp3] $921818199X 028C $BHerausgeber $4edt $7 $8Mišmaš, Petra [Tnu] $9364284706 028C $BHerausgeber $4edt $71122224664 $8Žaucer, Rok [Tp3] $9397067607 029A $BVerfasser $4aut $8Formal Description of Slavic Languages$gVeranstaltung$n12.5$d2017$cNova Gorica [Tf1] $9467144931 033A $pBerlin $nLanguage Science Press 033E $pBerlin $nLanguage Science Press 034D $a1 Online-Ressource 036E $aOpen slavic linguistics $l3 044K $RBaltoslawische Sprachen $RIndogermanische Sprachen $RNichtslawische Sprachen $#Slavic languages $#Langues slaves $#Lingue slave $#Lenguas eslavas $#Slawische Sprachen $#Slavische Sprachen $#Slawisch Sprachfamilie $#Slavisch Sprachfamilie $D20251120 $Ecgmnf $74120036-6 $8Slawische Sprachen [Ts1] $9085381241 044K $#Grammar, Comparative and general Syntax $#Syntax $#Syntaxe $#Sintassi $#Sintaxis $#Syntax $#Syntax $#Satzbau $#Satzkonstruktion $#Satzlehre $D20251120 $Ecgmnf $74058779-4 $8Syntax [Ts1] $9085163449 044K $RGrammatik $#Generative grammar $#Grammaire générative $#Grammatica generativa $#Gramática generativa $#GG $D20251120 $Ecgmnf $74113707-3 $8Generative Grammatik [Ts1] $908533717X 045E $c491.8 $c400 $c410 045T $aLING $qDE-30 $2FID 045Z $D20251120 $Ecgmnf $8KD 1551 [Tkv] $9409136271 045Z $D20251120 $Ecgmnf $8KD 1560 [Tkv] $9409136336 045Z $D20251120 $Ecgmnf $8KD 1140 [Tkv] $9409135372 047A $aSacherschließung maschinell aus paralleler Ausg. übernommen lok: 49069098 3 101B $004-02-22 $t10:52:16.000 101C $004-02-22 101U $0utf8 145S/01 $a711 exp: 49069098 3 1 #EPN 201B/01 $005-02-22 $t22:16:38.000 201C/01 $004-02-22 201U/01 $0utf8 203@/01 $01181788919 208@/01 $a04-02-22 $bl 209S/01 $S0 $uhttps://langsci-press.org/catalog/book/260 $XH exp: 49069098 3 2 #EPN 201B/02 $023-10-24 $t11:43:41.000 201C/02 $004-02-22 201U/02 $0utf8 203@/02 $0118115121X 208@/02 $a04-02-22 $boAa 209A/02 $a/ $f900 $x00 209B/02 $a502c $x05 209B/02 $a599.LSP $x06 209G/02 $aAnteilig finanziert von der Goethe-Universität Frankfurt am Main $x01 209S/02 $uhttps://langsci-press.org/catalog/book/260 $XXL 220C/02 $aKnowledge Unlatched Language Science Press 2018-2020 247C/02 $8601900-6 <30/900>Frankfurt, Universität Frankfurt, Elektronische Ressourcen $9210502010 lok: 49069098 5 exp: 49069098 5 1 #EPN 201B/01 $004-02-22 $t23:18:48.724 201C/01 $004-02-22 201U/01 $0utf8 203@/01 $01181788927 208@/01 $a04-02-22 $bl 209S/01 $S0 $uhttps://langsci-press.org/catalog/book/260 $XH lok: 49069098 8 exp: 49069098 8 1 #EPN 201B/01 $004-02-22 $t23:18:48.726 201C/01 $004-02-22 201U/01 $0utf8 203@/01 $01181788935 208@/01 $a04-02-22 $bl 209S/01 $S0 $uhttps://langsci-press.org/catalog/book/260 $XH lok: 49069098 10 exp: 49069098 10 1 #EPN 201B/01 $004-02-22 $t23:18:48.729 201C/01 $004-02-22 201U/01 $0utf8 203@/01 $01181788943 208@/01 $a04-02-22 $bl 209S/01 $S0 $uhttps://langsci-press.org/catalog/book/260 $XH lok: 49069098 11 exp: 49069098 11 1 #EPN 201B/01 $004-02-22 $t23:18:48.732 201C/01 $004-02-22 201U/01 $0utf8 203@/01 $01181788951 208@/01 $a04-02-22 $bl 209S/01 $S0 $uhttps://langsci-press.org/catalog/book/260 $XH lok: 49069098 21 exp: 49069098 21 1 #EPN 201B/01 $004-02-22 $t23:18:48.737 201C/01 $004-02-22 201U/01 $0utf8 203@/01 $01181788978 208@/01 $a04-02-22 $bl 209S/01 $S0 $uhttps://langsci-press.org/catalog/book/260 $XH lok: 49069098 23 exp: 49069098 23 1 #EPN 201B/01 $004-02-22 $t23:18:48.740 201C/01 $004-02-22 201U/01 $0utf8 203@/01 $01181788986 208@/01 $a04-02-22 $bl 209S/01 $S0 $uhttps://langsci-press.org/catalog/book/260 $XH lok: 49069098 24 exp: 49069098 24 1 #EPN 201B/01 $005-02-22 $t22:19:56.134 201C/01 $005-02-22 201U/01 $0utf8 203@/01 $01181796555 208@/01 $a05-02-22 $bl 209S/01 $S0 $uhttps://langsci-press.org/catalog/book/260 $XH lok: 49069098 25 exp: 49069098 25 1 #EPN 201B/01 $004-02-22 $t23:18:48.743 201C/01 $004-02-22 201U/01 $0utf8 203@/01 $01181788994 208@/01 $a04-02-22 $bl 209S/01 $S0 $uhttps://langsci-press.org/catalog/book/260 $XH lok: 49069098 49 exp: 49069098 49 1 #EPN 201B/01 $004-02-22 $t23:18:48.746 201C/01 $004-02-22 201U/01 $0utf8 203@/01 $01181789001 208@/01 $a04-02-22 $bl 209S/01 $S0 $uhttps://langsci-press.org/catalog/book/260 $XH lok: 49069098 107 exp: 49069098 107 1 #EPN 201B/01 $004-02-22 $t23:18:48.753 201C/01 $004-02-22 201U/01 $0utf8 203@/01 $01181789028 208@/01 $a04-02-22 $bl 209S/01 $S0 $uhttps://langsci-press.org/catalog/book/260 $XH lok: 49069098 108 exp: 49069098 108 1 #EPN 201B/01 $004-02-22 $t23:18:48.756 201C/01 $004-02-22 201U/01 $0utf8 203@/01 $01181789036 208@/01 $a04-02-22 $bl 209S/01 $S0 $uhttps://langsci-press.org/catalog/book/260 $XH lok: 49069098 204 exp: 49069098 204 1 #EPN 201B/01 $004-02-22 $t23:18:48.760 201C/01 $004-02-22 201U/01 $0utf8 203@/01 $01181789044 208@/01 $a04-02-22 $bl 209S/01 $S0 $uhttps://langsci-press.org/catalog/book/260 $XH lok: 49069098 205 exp: 49069098 205 1 #EPN 201B/01 $004-02-22 $t23:18:48.762 201C/01 $004-02-22 201U/01 $0utf8 203@/01 $01181789052 208@/01 $a04-02-22 $bl 209S/01 $S0 $uhttps://langsci-press.org/catalog/book/260 $XH
| LEADER | 00000cam a2200000 c 4500 | ||
|---|---|---|---|
| 001 | 49069098X | ||
| 003 | DE-603 | ||
| 005 | 20260314215614.0 | ||
| 007 | cr|||||||||||| | ||
| 008 | 220204s2020 xx |||| o| u10||u|eng c | ||
| 020 | |a 9783961102532 | ||
| 024 | 7 | |a 10.5281/zenodo.3763740 |2 doi | |
| 035 | |a (DE-599)HEB49069098X | ||
| 035 | |a (OCoLC)1190668861 | ||
| 040 | |a DE-603 |b ger |c DE-603 |d DE-603 |e rda | ||
| 041 | |a eng | ||
| 084 | |a 491.8 |a 400 |a 410 |q DE-101 |2 sdnb | ||
| 084 | |a LING |q DE-30 |2 fid | ||
| 084 | |a KD 1551 |0 (DE-625)71924: |0 (DE-603)409136271 |2 rvk | ||
| 084 | |a KD 1560 |0 (DE-625)71930: |0 (DE-603)409136336 |2 rvk | ||
| 084 | |a KD 1140 |0 (DE-625)71834: |0 (DE-603)409135372 |2 rvk | ||
| 111 | 2 | |a Formal Description of Slavic Languages |g Veranstaltung |n 12.5 |d 2017 |c Nova Gorica |j Verfasser |4 aut |0 (DE-603)467144931 |0 (DE-588)121439082X |2 gnd | |
| 245 | 0 | 0 | |a Advances in formal Slavic linguistics 2017 |c edited by Franc Marušič, Petra Mišmaš, Rok Žaucer |
| 264 | 1 | |a Berlin |b Language Science Press |c [2020] | |
| 264 | 2 | |a Berlin |b Language Science Press | |
| 264 | 4 | |c © 2020 | |
| 300 | |a 1 Online-Ressource | ||
| 336 | |a Text |b txt |2 rdacontent | ||
| 337 | |a Computermedien |b c |2 rdamedia | ||
| 338 | |a Online-Ressource |b cr |2 rdacarrier | ||
| 490 | 0 | |a Open slavic linguistics |v 3 | |
| 650 | 7 | |a Slawische Sprachen |0 (DE-588)4120036-6 |0 (DE-603)085381241 |2 gnd | |
| 650 | 7 | |a Syntax |0 (DE-588)4058779-4 |0 (DE-603)085163449 |2 gnd | |
| 650 | 7 | |a Generative Grammatik |0 (DE-588)4113707-3 |0 (DE-603)08533717X |2 gnd | |
| 655 | 7 | |a Konferenzschrift |y 2017 |z Nova Gorica |2 gnd-content |0 (DE-588)1071861417 |0 (DE-603)359646190 | |
| 700 | 1 | |a Marušič, Franc |d 1974- |e Herausgeber |4 edt |0 (DE-603)21818199X |0 (DE-588)139821376 |2 gnd | |
| 700 | 1 | |a Mišmaš, Petra |e Herausgeber |4 edt |0 (DE-603)364284706 | |
| 700 | 1 | |a Žaucer, Rok |e Herausgeber |4 edt |0 (DE-603)397067607 |0 (DE-588)1122224664 |2 gnd | |
| 776 | 1 | |z 9783961102549 | |
| 856 | |u https://langsci-press.org/catalog/book/260 |x Verlag |z kostenfrei | ||
| 924 | 1 | |9 603 |a (DE-603)1181788919 |b DE-603 |c HES |d d | |
| 924 | 1 | |9 30/900 |a (DE-603)118115121X |b DE-30-900 |c HES |d d |g / |k https://langsci-press.org/catalog/book/260 | |
| 924 | 1 | |9 603 |a (DE-603)1181788927 |b DE-603 |c HES |d d | |
| 924 | 1 | |9 603 |a (DE-603)1181788935 |b DE-603 |c HES |d d | |
| 924 | 1 | |9 603 |a (DE-603)1181788943 |b DE-603 |c HES |d d | |
| 924 | 1 | |9 603 |a (DE-603)1181788951 |b DE-603 |c HES |d d | |
| 924 | 1 | |9 603 |a (DE-603)1181788978 |b DE-603 |c HES |d d | |
| 924 | 1 | |9 603 |a (DE-603)1181788986 |b DE-603 |c HES |d d | |
| 924 | 1 | |9 603 |a (DE-603)1181796555 |b DE-603 |c HES |d d | |
| 924 | 1 | |9 603 |a (DE-603)1181788994 |b DE-603 |c HES |d d | |
| 924 | 1 | |9 603 |a (DE-603)1181789001 |b DE-603 |c HES |d d | |
| 924 | 1 | |9 603 |a (DE-603)1181789028 |b DE-603 |c HES |d d | |
| 924 | 1 | |9 603 |a (DE-603)1181789036 |b DE-603 |c HES |d d | |
| 924 | 1 | |9 603 |a (DE-603)1181789044 |b DE-603 |c HES |d d | |
| 924 | 1 | |9 603 |a (DE-603)1181789052 |b DE-603 |c HES |d d | |


